Export už nestojí v popredí záujmu stavebných firiem, dôraz kladú na práce v tuzemsku

Najväčšie stavebné firmy a výrobcovia stavebných hmôt na Slovensku. Základný majetok, export, zisk pred zdanením, priemerný počet zamestnancov. Porovnanie za roky 1994-1996.

Na minha lista:
Detalhes bibliográficos
Autor principal: Zverková, Daniela
Formato: Capítulo de Livro
Idioma:eslovaco
Assuntos:
Tags: Adicionar Tag
Sem tags, seja o primeiro a adicionar uma tag!

MARC

LEADER 00000naa a2200000 4500
001 r026643
005 20230921080346.3
041 0 |a slo 
044 |a SK 
245 1 0 |a Export už nestojí v popredí záujmu stavebných firiem, dôraz kladú na práce v tuzemsku  |c D. Zverková 
520 |a Najväčšie stavebné firmy a výrobcovia stavebných hmôt na Slovensku. Základný majetok, export, zisk pred zdanením, priemerný počet zamestnancov. Porovnanie za roky 1994-1996. 
610 2 0 |a stavebníctvo 
610 2 0 |a firmy 
610 2 0 |a podnik stavebný 
610 2 0 |a vývoz 
610 2 0 |a zisk 
610 2 0 |a hmoty stavebné 
610 2 0 |a zamestnanci 
610 2 0 |a majetok podnikový 
610 2 0 |a Slovensko 
610 2 0 |a 1994-1996 
100 1 |a Zverková, Daniela